Văn hoá Việt Nam : đặc trưng và cách tiếp cận

Gardado en:
Detalles Bibliográficos
Formato: Libro
Publicado: Giáo dục 2007
Các nhãn: Engadir etiqueta
Sen Etiquetas, Sexa o primeiro en etiquetar este rexistro!
Thư viện lưu trữ: Mạng thư viện Đại học Đà Nẵng
LEADER 00550nam a2200205 a 4500
001 000029087
003 27212
005 20171030145630.0
008 171030s2007
040 |a LTT 
082 0 |a 306.09  |b Vă-H 
245 0 0 |a Văn hoá Việt Nam : đặc trưng và cách tiếp cận  |c Lê Ngọc Trà tập hợp và giới thiệu. 
260 |b Giáo dục  |c 2007 
OWN |a LTT 
999 |a From the UDN01 
TYP |a Monograph 
TYP |a Printed language 
980 |a Mạng thư viện Đại học Đà Nẵng